000 01263nam0a22002651i 4500
001 2569169
005 20240726084113.0
021 _aRU
_b1157-80
035 _a(NLR Aleph) 006453236
090 _a5760222
_c5760222
100 _a20110316d1978 |||y0rusy50 ca
101 0 _arus
102 _aRU
105 _aa d |||||
200 1 _aИсследование и разработка высокоэффективной технологии выемки угля, исключающей трудоемкие немеханизированные работы по подготовке ниш
_e(На прим. шахт ПО "Ростовуголь" с пологими пластами мощностью до 1,0 м)
_eАвтореф. дис. на соиск. учен. степ. канд. техн. наук
_e05.15.02
210 _aНовочеркасск
_d1978
215 _a19 с.
_cил.
300 _aВ надзаг.: Новочеркас. политехн. ин-т им. Серго Орджоникидзе
686 _aИ310.16-642,0
_2rubbk
700 1 _aБорзяк
_bВ.Е.
_gВладимир Ефимович
801 0 _aRU
_bNLR
_gpsbo
801 1 _aRU
_bELAR
_2rusmarc
852 _aNLR
_jDesideratum
852 _aRuMoRGB
_jДр 380/558
942 _cBOOK